000 00294nam a2200145Ia 4500
008 230523s9999 xx 000 0 und d
100 _aPrinceton
245 0 _aGRE Premium Prep 2023
250 _a46
260 _aN.Y.
260 _bPenguin
260 _c2022
300 _a759
942 _cRB
999 _c2090
_d2090